000 00226 a2200097 4500
001 58102
100 _a
245 _aTasks in second language learning
260 _aNew york
_bPalgrave Macmillan
_c2008
090 _c35611
_d35611
942 _aNUST-CAE
_cM
_c28460
999 _c293175
_d293175